SPOTLIGHT ENGLISH LEARNERS BOOK (Record no. 216764)
[ view plain ]
| 000 -LEADER | |
|---|---|
| fixed length control field | 00449nam a22001577a 4500 |
| 008 - FIXED-LENGTH DATA ELEMENTS--GENERAL INFORMATION | |
| fixed length control field | 260303b |||||||| |||| 00| 0 eng d |
| 020 ## - INTERNATIONAL STANDARD BOOK NUMBER | |
| International Standard Book Number | 978 9966 57 572 2 |
| 050 ## - LIBRARY OF CONGRESS CALL NUMBER | |
| Classification number | PE 1128.S66 2025 V.10 |
| 100 ## - MAIN ENTRY--PERSONAL NAME | |
| Personal name | KAMAU, LUCY |
| 245 ## - TITLE STATEMENT | |
| Title | SPOTLIGHT ENGLISH LEARNERS BOOK |
| 260 ## - PUBLICATION, DISTRIBUTION, ETC. | |
| Place of publication, distribution, etc. | NAIROBI,KENYA |
| Name of publisher, distributor, etc. | SPOTLIGHT PUBLISHERS |
| Date of publication, distribution, etc. | 2025 |
| 650 ## - SUBJECT ADDED ENTRY | |
| Topical term or geographic name entry element | ENGLISH TEXTBOOK |
| 700 ## - ADDED ENTRY--PERSONAL NAME | |
| Personal name | ADHOCH STEPHEN,WANGUSI EZEKIEL |
| 942 ## - ADDED ENTRY ELEMENTS (KOHA) | |
| Source of classification or shelving scheme | Library of Congress Classification |
| Koha item type | Long Loan Book |
| Withdrawn status | Lost status | Source of classification or shelving scheme | Damaged status | Not for loan | Collection | Home library | Current library | Shelving location | Date acquired | Inventory number | Total checkouts | Full call number | Barcode | Date last seen | Copy number | Price effective from | Koha item type |
|---|---|---|---|---|---|---|---|---|---|---|---|---|---|---|---|---|---|
| Library of Congress Classification | Arts & Social Sciences | Kisii University Library | Kisii University Library | On Display | 03/03/2026 | 112258 | PE 1128.S66 2026 V.10 | 000000018626 | 03/03/2026 | C.1 | 03/03/2026 | Long Loan Book | |||||
| Library of Congress Classification | Arts & Social Sciences | Kisii University Library | Kisii University Library | On Display | 03/03/2026 | 112259 | PE 1128.S66 2026 V.10 | 000000017482 | 03/03/2026 | C.2 | 03/03/2026 | Long Loan Book | |||||
| Library of Congress Classification | Arts & Social Sciences | Kisii University Library | Kisii University Library | On Display | 03/03/2026 | 112260 | PE 1128.S66 2026 V.10 | 000000017378 | 03/03/2026 | C.3 | 03/03/2026 | Long Loan Book | |||||
| Library of Congress Classification | Arts & Social Sciences | Kisii University Library | Kisii University Library | On Display | 03/03/2026 | 112261 | PE 1128.S66 2026 V.10 | 000000017080 | 03/03/2026 | C.4 | 03/03/2026 | Long Loan Book | |||||
| Library of Congress Classification | Arts & Social Sciences | Kisii University Library | Kisii University Library | On Display | 03/03/2026 | 112352 | PE 1128.S66 2026 V.10 | 000000017079 | 03/03/2026 | C.5 | 03/03/2026 | Long Loan Book |